| 000 | 00512nmm a2200157Ia 4500 | ||
|---|---|---|---|
| 008 | 251105s9999||||xx |||||||||||||||||und|| | ||
| 020 | _a9789875914216 | ||
| 041 | _aspa | ||
| 100 | _aSánchez, Carlos E. | ||
| 245 | 0 | _aEducación, instituciones y desarrollo : una discusión sobre las causas del retraso argentino | |
| 264 |
_a[Buenos Aires, Argentina] : _bEditorial Brujas, _c2014 |
||
| 300 | _a228 páginas | ||
| 650 | _aEducation | ||
| 856 | _uhttps://public.digitaliapublishing.com/a/35409 | ||
| 942 | _cCF | ||
| 999 |
_c97487 _d97487 |
||